MARC details
| 010 ## - Numéro international normalisé du livre (ISBN) |
| ISBN |
9782847053197 |
| Disponibilité et/ou prix |
7,50 EUR |
| 099 ## - Visibilité opac |
| notice masquée en opac |
Non |
| 100 ## - Données générales de traitement |
| Données générales de traitement |
20251119d2025 m y0frey50 ba |
| 101 0# - Langue de la ressource |
| Langue du texte, de la bande son, etc. |
français |
| 102 ## - Pays de publication ou de production |
| Pays de publication |
France |
| 200 1# - Titre et mention de responsabilité |
| Titre propre |
Gros-poil |
| Indication générale du type de document |
Livre |
| 214 #0 - Mentions de production, publication, diffusion et manufacture |
| Nom de l’éditeur |
Editions Espaces 34 |
| Date de publication |
2025 |
| 214 #3 - Mentions de production, publication, diffusion et manufacture |
| Nom de l’éditeur |
Impr. Présence graphique |
| 215 ## - Description physique |
| Nombre de pages |
1 vol. (50 p.) |
| 225 1# - Collection |
| Titre de la collection |
Théâtre jeunesse |
| Numéro de collection |
32 |
| 323 ## - Nombre de personnages |
| Texte de la note |
2 personnages |
| 330 ## - Résumé ou extrait |
| Texte de la note |
Dans une forêt, un écrivain en plein vague à l âme croise la route d un drôle de gamin à vélo. Soudain, par un hasard fantastique, un violent orage éclate, les deux trouvant alors refuge dans une petite cabane. Et tandis que le gamin écrit une chanson pour sa première amoureuse, l écrivain se confronte à son amour perdu : il a un « gros-poil ». Par leurs échanges, entre réminiscence et souvenirs, les cSurs s ouvrent sans nécessairement se comprendre. Ce duo presque clownesque, va avec humour, tendresse et poésie, redonner force à la vie et à ses mystères. |
| 700 ## - Auteur principal |
| Nom |
Arca |
| Prénom |
Fabien |
| 105 ## - Zone de données codées : textes, monographies |
| Données codées sur les monographies textuelles |
||||z 00||| |
| 181 #0 - Zone de données codées : Forme de la ressource |
| Données de liaison entre champs |
01 |
| Forme du contenu selon l’ISBD sous forme codée |
i |
| Qualificatif(s) du contenu selon l’ISBD sous forme codée |
xxxe |
| 181 ## - Zone de données codées : Forme de la ressource |
| Données de liaison entre champs |
02 |
| Autre référentiel utilisé pour coder la forme du contenu |
texte |
| Code du référentiel |
rdacontent |
| 182 #0 - Zone de données codées : type de média |
| Données de liaison entre champs |
01 |
| Type de médiation selon l’ISBD sous forme codée |
sans média |
| 182 ## - Zone de données codées : type de média |
| Données de liaison entre champs |
02 |
| Autre référentiel utilisé pour coder le type de médiation |
sans média |
| Code du référentiel |
rdamedia |
| 214 #0 - Mentions de production, publication, diffusion et manufacture |
| Lieu de publication, production, distribution/diffusion, fabrication |
Castelnau-le-Lez |
| 214 #3 - Mentions de production, publication, diffusion et manufacture |
| Lieu de publication, production, distribution/diffusion, fabrication |
37-Monts |
| 215 ## - Description physique |
| Dimensions |
17 cm |
| 225 1# - Collection |
| ISSN de la collection |
0753-3454 |
| 700 ## - Auteur principal |
| Eléments ajoutés aux noms autres que les dates |
Auteur du texte |
| 801 #0 - Origine de la notice |
| Pays |
FR |
| Agence de catalogage |
FR-751131015 |
| Date de la transaction |
20251119 |
| Règles de catalogage utilisées |
AFNOR |
| Identifiant d'origine |
FRBNF486490710000002 |
| Code du format utilisé |
intermrc |
| 856 #2 - Adresse électronique et mode d’accès |
| Uniform Resource Identifier |
1138562 |
| Numéro d'accès |
Première de couverture |
| 000 -Etiquette de la notice |
| Leader |
01608nam a2200385 4500 |
| 003 - Identifiant de la notice |
| Identifiant |
http://catalogue.bnf.fr/ark:/12148/cb486490714 |
| 005 - Identifiant de la version |
| Identifiant |
20251204114146.0 |
| 073 #0 - EAN |
| Numéro normalisé |
9782847053197 |